000 00476nam a2200169Ia 4500
999 _c793
_d793
003 OSt
005 20210914110117.0
008 190216s9999||||xx |||||||||||||| ||und||
040 _coclc
082 _a892.73
_bGIB/A
100 1 _aGibran, Kahlil,
_92057
_d1883-1931
245 0 _aAjnihathul Muthakasira /
_cKhalil Gibran
260 _bAl Hind Book Stals,
_aCalicut:
300 _a143p
650 _aArabic
942 _cBK
_2ddc
_h892.73
_iGIB/A
_k892.73
_mGIB/A